000 01314cam a22003254a 4500
001 13934592
005 20170105102912.0
008 050419s2005 nyu b 001 0 eng
010 _a 2005011136
020 _a0393052036 (hardcover)
040 _aDLC
_cDLC
_dDLC
042 _apcc
050 0 0 _aJZ1480
_b.W35 2005
082 0 0 _a327.73
_222
100 1 _aWalt, Stephen M.,
_d1955-
245 1 0 _aTaming American power :
_bthe global response to U.S. primacy /
_cStephen M. Walt.
250 _a1st ed.
260 _aNew York :
_bNorton,
_cc2005.
300 _a320 p. ;
_c25 cm.
504 _aIncludes bibliographical references and index.
505 0 _aIntroduction: The problem of American power -- The foreign policy of American primacy -- The roots of resentment -- Strategies of opposition -- Strategies of accommodation -- Foreign policy in the national interest.
650 0 _aBalance of power.
650 0 _aInternational relations.
650 0 _aWorld politics
_y21st century.
651 0 _aUnited States
_xForeign relations
_y2001-
856 4 1 _3Table of contents
_uhttp://www.loc.gov/catdir/toc/ecip0511/2005011136.html
906 _a7
_bcbc
_corignew
_d1
_eecip
_f20
_gy-gencatlg
942 _2ddc
_cBK
999 _c15193
_d15193